| 000 | 00807nam a2200229 i 4500 | ||
|---|---|---|---|
| 001 | 95116 | ||
| 003 | ES-MaACL | ||
| 005 | 20230906181635.0 | ||
| 007 | t| | ||
| 008 | 050523s1955 sp ||||1| spa d | ||
| 100 | 1 |
_aLunn, Arnold. _974792 |
|
| 245 | 1 | 0 |
_aAl tercer día _b: la prueba terminante de la Resurrección / _cArnold Lunn ; [versión española de J.P. Fitzgibbon en colaboración con Julio Gómez de la Serna]. |
| 260 |
_aMadrid : _bEdiciones y Publicaciones Españolas, _c1955. |
||
| 300 |
_a287 p. ; _c20 cm. |
||
| 490 | 1 | _aPax romana | |
| 600 | 1 | 4 |
_aJesucristo- _xResurrección. _9165795 |
| 700 | 1 |
_aFitzgibbon, John Paul. _951074 |
|
| 700 | 1 |
_aGómez de la Serna, Julio, _d1895-1983 _957899 |
|
| 830 | 1 |
_aPax romana _9182690 |
|
| 852 |
_aES-MaACL _jC-10474 |
||
| 999 |
_c95116 _d95116 |
||